205系が定期列車として乗り入れていた駅 - Statistics

General Stats
  • This quiz has been taken 88 times
    84 since last reset
  • The average score is 345 of 500
Answer Stats
Answer % Correct
東京
97%
神田
95%
渋谷
95%
秋葉原
94%
御徒町
94%
日暮里
94%
新宿
94%
目黒
94%
品川
94%
横浜
94%
上野
92%
西日暮里
92%
田端
92%
池袋
92%
目白
92%
新大久保
92%
代々木
92%
恵比寿
92%
浜松町
92%
新橋
92%
有楽町
92%
東神奈川
92%
大久保
92%
大塚
91%
高田馬場
91%
原宿
91%
大崎
91%
田町
91%
大船
91%
八王子
91%
川崎
91%
駒込
89%
千葉
89%
大宮
89%
舞浜
89%
鶯谷
88%
巣鴨
88%
五反田
88%
桜木町
88%
府中本町
88%
立川
88%
中野
88%
御茶ノ水
88%
西船橋
88%
船橋
88%
赤羽
88%
鶴見
88%
浦和
88%
北浦和
88%
蘇我
88%
磯子
86%
橋本
86%
三鷹
86%
新木場
86%
武蔵浦和
86%
南浦和
86%
関内
85%
武蔵小杉
85%
幕張
85%
大井町
85%
川越
85%
西浦和
85%
東浦和
85%
洋光台
83%
新横浜
83%
阿佐ヶ谷
83%
高円寺
83%
水道橋
83%
小岩
83%
市川
83%
津田沼
83%
幕張本郷
83%
蒲田
83%
東十条
83%
川口
83%
南船橋
83%
宇都宮
83%
仙台
83%
根岸
82%
中山
82%
尻手
82%
武蔵境
82%
吉祥寺
82%
荻窪
82%
東中野
82%
四ツ谷
82%
飯田橋
82%
両国
82%
錦糸町
82%
新小岩
82%
稲毛
82%
西千葉
82%
82%
与野
82%
越中島
82%
千葉みなと
82%
港南台
80%
新杉田
80%
小机
80%
町田
80%
武蔵溝ノ口
80%
西国分寺
80%
西荻窪
80%
千駄ヶ谷
80%
信濃町
80%
浅草橋
80%
東京テレポート
80%
戸田公園
80%
戸田
80%
西大宮
80%
八丁堀
80%
潮見
80%
二俣新町
80%
海浜幕張
80%
新三郷
80%
船橋法典
80%
茅ケ崎
80%
浜川崎
80%
国道
80%
日光
80%
石川町
79%
菊名
79%
長津田
79%
相模原
79%
八王子みなみ野
79%
国分寺
79%
武蔵小金井
79%
板橋
79%
大森
79%
王子
79%
西川口
79%
葛西臨海公園
79%
新浦安
79%
市川塩浜
79%
新習志野
79%
検見川浜
79%
上総一ノ宮
79%
木更津
79%
君津
79%
越谷レイクタウン
79%
吉川
79%
吉川美南
79%
新松戸
79%
国立
79%
高麗川
79%
本郷台
77%
大口
77%
武蔵新城
77%
分倍河原
77%
市ヶ谷
77%
亀戸
77%
天王洲アイル
77%
十条
77%
与野本町
77%
指扇
77%
新子安
77%
上中里
77%
稲毛海岸
77%
誉田
77%
北府中
77%
北朝霞
77%
南越谷
77%
安善
77%
海芝浦
77%
拝島
77%
黒磯
77%
石巻
77%
大阪
77%
山手
76%
十日市場
76%
武蔵中原
76%
登戸
76%
東小金井
76%
平井
76%
東船橋
76%
新検見川
76%
北赤羽
76%
北戸田
76%
北与野
76%
大網
76%
本千葉
76%
新秋津
76%
三郷
76%
南流山
76%
新八柱
76%
豊田
76%
海老名
76%
宝積寺
76%
那須塩原
76%
あおば通
76%
大津
76%
新大阪
76%
淵野辺
74%
東雲
74%
国際展示場
74%
浮間舟渡
74%
南与野
74%
茂原
74%
袖ケ浦
74%
新小平
74%
東所沢
74%
新座
74%
東川口
74%
東松戸
74%
市川大野
74%
厚木
74%
大川
74%
草津
74%
京都
74%
鴨居
73%
本八幡
73%
下総中山
73%
日進
73%
南古谷
73%
姉ケ崎
73%
日野
73%
八丁畷
73%
北八王子
73%
自治医大
73%
高槻
73%
神戸
73%
逗子
71%
鎌倉
71%
北鎌倉
71%
相原
71%
片倉
71%
宿河原
71%
稲城長沼
71%
中浦和
71%
土気
71%
五井
71%
武蔵白石
71%
扇町
71%
新芝浦
71%
今市
71%
南草津
71%
山科
71%
三ノ宮
71%
加古川
71%
天王寺
71%
奈良
71%
稲田堤
70%
品川シーサイド
70%
鎌取
70%
新茂原
70%
北茅ケ崎
70%
小田栄
70%
鶴見小野
70%
雀宮
70%
尼崎
70%
和歌山
70%
鹿島田
68%
南多摩
68%
上総湊
68%
川崎新町
68%
西川越
68%
小金井
68%
鹿沼
68%
茨木
68%
吹田
68%
芦屋
68%
須磨
68%
西明石
68%
成瀬
67%
古淵
67%
矢向
67%
寒川
67%
浅野
67%
箱根ケ崎
67%
石橋
67%
西那須野
67%
膳所
67%
向日町
67%
東淀川
67%
甲子園口
67%
兵庫
67%
明石
67%
矢部
65%
向河原
65%
西府
65%
西国立
65%
上溝
65%
南橋本
65%
弁天橋
65%
東飯能
65%
氏家
65%
塚本
65%
中野島
64%
浜野
64%
社家
64%
相武台下
64%
原当麻
64%
昭和
64%
小宮
64%
岡本
64%
東塩釜
64%
桂川
64%
長岡京
64%
西宮
64%
元町
64%
64%
日根野
64%
八幡宿
62%
香川
62%
下溝
62%
東福生
62%
武蔵高萩
62%
蒲須坂
62%
矢板
62%
宮城野原
62%
多賀城
62%
島本
62%
摂津富田
62%
住吉
62%
谷保
61%
本納
61%
巌根
61%
金子
61%
松島海岸
61%
石山
61%
西大路
61%
立花
61%
六甲道
61%
61%
東福寺
61%
宇治
61%
久地
59%
矢川
59%
山崎
59%
木津
59%
八積
58%
的場
58%
岸辺
58%
新長田
58%
舞子
58%
堺市
58%
平間
56%
矢野口
56%
永田
56%
青堀
56%
野崎
56%
野蒜
56%
大津京
56%
瀬田
56%
千里丘
56%
宝塚
56%
津田山
55%
長浦
55%
門沢橋
55%
城陽
55%
倉見
53%
笠幡
53%
本塩釜
53%
堅田
53%
甲南山手
53%
東加古川
53%
塚口
53%
三国ケ丘
53%
六地蔵
53%
佐貫町
52%
宮山
52%
番田
52%
片岡
52%
下野大沢
52%
高城町
52%
鷹取
52%
垂水
52%
朝霧
52%
伊丹
52%
新三田
52%
美章園
52%
東岸和田
52%
平城山
52%
大貫
50%
入谷
50%
鶴田
50%
榴ヶ岡
50%
西塩釜
50%
比叡山坂本
50%
小鶴新田
48%
三田
48%
文挟
47%
陸前原ノ町
47%
苦竹
47%
おごと温泉
47%
摂津本山
47%
魚住
47%
熊取
47%
和泉砂川
47%
紀伊
47%
稲荷
47%
矢本
45%
石巻あゆみ野
45%
塩屋
45%
我孫子町
45%
杉本町
45%
和泉府中
45%
土山
44%
長居
44%
和泉鳥取
44%
JR藤森
44%
西宮名塩
42%
紀伊中ノ島
42%
黄檗
42%
JR小倉
42%
南田辺
41%
山中渓
41%
桃山
41%
北伊丹
39%
川西池田
39%
中山寺
39%
猪名寺
38%
鶴ケ丘
38%
浅香
38%
東貝塚
38%
玉水
38%
東名
36%
武田尾
36%
信太山
36%
六十谷
36%
木幡
36%
山城多賀
36%
中野栄
35%
下馬
35%
陸前山下
35%
百舌鳥
35%
上野芝
35%
北信太
35%
新田
35%
山城青谷
35%
蛇田
33%
唐崎
33%
上狛
33%
道場
32%
長滝
32%
新家
32%
陸前小野
30%
東矢本
30%
陸前赤井
30%
棚倉
30%
福田町
29%
陸前高砂
29%
東佐野
29%
陸前大塚
27%
鹿妻
26%
生瀬
26%
津久野
26%
長池
26%
久米田
24%
和泉橋本
24%
陸前浜田
23%
陸前富山
23%
富木
23%
下松
23%
手樽
20%
No matching quizzes found
Score Distribution
Percent of People with Each Score
Percentile by Number Answered
Your Score History
You have not taken this quiz since the last reset